The sound and the fury

Zapisane w:
Opis bibliograficzny
1. autor: Faulkner, William (Autor)
Format: Książka
Język:angielski
Wydane: Nueva York Vintage Books 1986
Hasła przedmiotowe:
Etykiety: Dodaj etykietę
Nie ma etykietki, Dołącz pierwszą etykiete!

MARC

LEADER 00000nam a2200000 a 4500
001 UCP2751
003 CL-VaPUC
008 990528e19860000US |||||||||||||||||eng|d
082 0 4 |a 813  |b FAU  |2 21 
100 0 |a Faulkner, William  |e author  |9 313148 
245 1 4 |a The sound and the fury 
300 |a 378 p 
942 |c BK 
945 |d 19990528 00:00:00  |a rbrito 
260 |a Nueva York  |b Vintage Books  |c 1986 
650 0 |a Novelas estadounidenses  |9 265217 
583 |a last modification  |c 19990528 00:00:00  |k Rodrigo Vera 
999 |c 281227  |d 281225 
952 |0 0  |1 0  |4 0  |6 813_000000000000000_FAU_1986  |7 0  |8 A  |9 321911  |a BIBEDU  |b BIBEDU  |d 2019-11-20  |i 3528022  |o 813 FAU 1986  |p 3528022  |r 2019-11-20  |w 2019-11-20  |y BK  |k LIT